Biggest sources of immigrants to Nebraska - Statistics

General Stats
  • This quiz has been taken 22 times
  • The average score is 7 of 10
Answer Stats
Hint Answer % Correct
6,725 India
83%
1,721 Canada
78%
4,528 China
78%
1,028 United Kingdom
78%
2,256 Germany
72%
6,934 Vietnam
72%
3,262 Cuba
61%
3,343 Philippines
56%
5,175 El Salvador
50%
1,300 Iran
39%
No matching quizzes found
Score Distribution
Percent of People with Each Score
Percentile by Number Answered
Your Score History
You have not taken this quiz